Welcome to CU Library Online Public Access Catalogue (OPAC)

Commentary on the book of the prophet isaiah (Record no. 9357)

MARC details
000 -LEADER
fixed length control field 00456nam a22001697a 4500
005 - DATE AND TIME OF LATEST TRANSACTION
control field 20260421130721.0
008 - FIXED-LENGTH DATA ELEMENTS--GENERAL INFORMATION
fixed length control field 260421b |||||||| |||| 00| 0 eng d
020 ## - INTERNATIONAL STANDARD BOOK NUMBER
International Standard Book Number 0801024404
050 ## - LIBRARY OF CONGRESS CALL NUMBER
Classification number BS2341
Item number .B19C5
100 ## - MAIN ENTRY--PERSONAL NAME
Personal name Calvin John
245 ## - TITLE STATEMENT
Title Commentary on the book of the prophet isaiah
Statement of responsibility, etc. by Calvin John
260 ## - PUBLICATION, DISTRIBUTION, ETC.
Place of publication, distribution, etc. Scotland
Name of publisher, distributor, etc. Baker books
Date of publication, distribution, etc. c2005
300 ## - PHYSICAL DESCRIPTION
Extent xviii,482p
500 ## - GENERAL NOTE
General note includes index
700 ## - ADDED ENTRY--PERSONAL NAME
Personal name Calvin John
942 ## - ADDED ENTRY ELEMENTS (KOHA)
Source of classification or shelving scheme Library of Congress Classification
Koha item type Books
Suppress in OPAC No
999 ## -
-- 9357
-- 9357

No items available.

© 2023-2024 Copyright: Central University Libraries. All Rights Reserved | Created by: Mahone Tech Office